[Event "There often isn't just one right move "]
[Site "SchemingMind.com"]
[Date "2012.09.10"]
[Round "-"]
[White "Olli Ylönen"]
[Black "kingsman2"]
[Result "1-0"]
[WhiteCountry "FIN"]
[BlackCountry "NIR"]
[WhiteElo "1841"]
[WhiteRD "55"]
[BlackElo "1513"]
[BlackRD "116"]
[GameID "317366"]

1. e4 e5 2. Nf3 Nc6 3. d4 Bd6 4. d5 Nce7 5. c4 Nf6 6. Nc3 O-O 7. Be2 Ng6 8. O-O c6 9. a3 a5 10. Bd2 h6
11. h4 Ng4 12. g3 Be7 13. Nh2 Nxh2 14. Kxh2 d6 15. Bg4 Qb6 16. Bxc8 Raxc8 17. Rb1 Qd8 18. h5 Nh8 19. Qg4 Bg5 20. Bxg5 Qxg5
21. Qxg5 hxg5 22. f4 g4 23. fxe5 dxe5 24. Rf5 f6 25. Nd1
1-0

[Event "There often isn't just one right move "]
[Site "SchemingMind.com"]
[Date "2012.09.08"]
[Round "-"]
[White "vista"]
[Black "miriskra"]
[Result "0-1"]
[WhiteCountry "JPN"]
[BlackCountry "WLS"]
[WhiteElo "1261"]
[WhiteRD "103"]
[BlackElo "1797"]
[BlackRD "66"]
[GameID "317453"]

1. e4 e6 2. e5 d5 3. d4 b6 4. Nf3 Ba6 5. Bxa6 Nxa6 6. Bg5 f6 7. Bh4 c5 8. O-O c4 9. g3 g5 10. Bxg5 fxg5
11. b3 h5 12. Nfd2 Qc7 13. bxc4 dxc4 14. Na3 Bxa3 15. Ne4 Be7 16. Rb1 Nb4 17. c3 Nd5 18. a4 Qc6 19. Ra1 O-O-O 20. a5 b5
21. a6 Nc7 22. Qf3 Qd5 23. Nd6+ Bxd6 24. Qe3 Be7 25. Rae1 Nh6 26. h3 Nf5 27. Qd2 g4 28. hxg4 hxg4 29. f3 Nxg3 30. Rf2 gxf3
31. Rh2 Ne2+ 32. Kf2 Rxh2+ 33. Ke3 Bg5#
0-1

[Event "There often isn't just one right move "]
[Site "SchemingMind.com"]
[Date "2012.09.08"]
[Round "-"]
[White "miriskra"]
[Black "vista"]
[Result "1-0"]
[WhiteCountry "WLS"]
[BlackCountry "JPN"]
[WhiteElo "1783"]
[WhiteRD "66"]
[BlackElo "1324"]
[BlackRD "109"]
[GameID "317460"]

1. d4 d5 2. Nf3 Nc6 3. c4 dxc4 4. e3 b5 5. a4 bxa4 6. Qxa4 e6 7. Qxc6+ Bd7 8. Qxc4 Nf6 9. Nc3 Bd6 10. Be2 O-O
11. O-O g6 12. e4 Rb8 13. e5 Rb4 14. Qd3 Bxe5 15. dxe5 Nd5 16. Nxd5 Bb5 17. Nf6+ Kg7 18. Qxd8 Rxd8 19. Bxb5 Rxb5 20. Rxa7 c6
21. Ne4 Kg8 22. Nd6 f6 23. Nxb5 cxb5 24. exf6
1-0

[Event "There often isn't just one right move "]
[Site "SchemingMind.com"]
[Date "2012.09.16"]
[Round "-"]
[White "smothered mate"]
[Black "Lastcafe"]
[Result "0-1"]
[WhiteCountry "POL"]
[BlackCountry "THA"]
[WhiteElo "2033"]
[WhiteRD "57"]
[BlackElo "2113"]
[BlackRD "86"]
[GameID "317797"]

1. e4 c5 2. c3 Nf6 3. e5 Nd5 4. g3 Qc7 5. f4 g5 6. Qf3 e6 7. b3 b5 8. c4 Nxf4 9. Qxa8 Bb7 10. Qxa7 Nc6
11. Qa3 Qxe5+ 12. Kd1 Qe4 13. b4 Qxh1 14. Qe3 Bg7 15. gxf4 Bxa1 16. Nc3 gxf4 17. Qf2 Nxb4 18. Nxb5 Rg8 19. Nd6+ Ke7 20. Qxc5 Bf3+
0-1

[Event "There often isn't just one right move "]
[Site "SchemingMind.com"]
[Date "2012.09.17"]
[Round "-"]
[White "Lastcafe"]
[Black "smothered mate"]
[Result "1-0"]
[WhiteCountry "THA"]
[BlackCountry "POL"]
[WhiteElo "2130"]
[WhiteRD "86"]
[BlackElo "2016"]
[BlackRD "53"]
[GameID "317802"]

1. d4 d5 2. c4 e6 3. Nc3 c5 4. cxd5 exd5 5. dxc5 d4 6. Na4 b5 7. cxb6 axb6 8. b3 Nf6 9. e3 Nc6 10. Nf3 Bb4+
11. Bd2 dxe3 12. fxe3 Ra5 13. Bxb4 Nxb4 14. Qxd8+ Kxd8 15. Nd4 Re5 16. Be2 Rxe3 17. O-O Rhe8 18. Rad1 Kc7 19. Nb5+ Kb8 20. Bc4 R8e7
21. Nxb6 Nc6 22. Nxc8 Kxc8 23. Nd6+ Kc7 24. Nf5
1-0

[Event "There often isn't just one right move "]
[Site "SchemingMind.com"]
[Date "2012.10.18"]
[Round "-"]
[White "Scooter"]
[Black "capablanca"]
[Result "1/2-1/2"]
[WhiteCountry "USA"]
[BlackCountry "GER"]
[WhiteElo "1764"]
[WhiteRD "51"]
[BlackElo "1741"]
[BlackRD "65"]
[GameID "319406"]

1. d4 d5 2. Nf3 Nf6 3. Bf4 Bf5 4. e3 e6 5. Bd3 Bxd3 6. Qxd3 c5 7. Qb5+ Qd7 8. Qxd7+ Nbxd7 9. c3 cxd4 10. exd4 Nh5
11. Be3 Bd6 12. O-O Nhf6 13. Nbd2 O-O 14. Rfe1 Rac8 15. Rac1 Nb6 16. Ne5 Bxe5 17. dxe5 Nfd7 18. f4 Nc4 19. Nxc4 Rxc4 20. Ra1 b6
21. g3 Re4 22. Kf2 Rc8 23. Bd4 Rxe1 24. Rxe1 Nc5 25. Bxc5 Rxc5 26. Ke3 a5 27. Rd1 Kf8= 28. Rd4 Ke7 29. Kd3 b5 30. b4 axb4
31. Rxb4 Kd7 32. a4 bxa4 33. Rxa4 Rc7 34. Kd4 Rb7 35. c4 dxc4 36. Rxc4 Rb2 37. h4 Rd2+ 38. Ke3 Rg2 39. Kf3 Rg1 40. Rd4+ Ke7
41. g4=
1/2-1/2

[Event "There often isn't just one right move "]
[Site "SchemingMind.com"]
[Date "2012.10.18"]
[Round "-"]
[White "capablanca"]
[Black "Scooter"]
[Result "1-0"]
[WhiteCountry "GER"]
[BlackCountry "USA"]
[WhiteElo "1754"]
[WhiteRD "67"]
[BlackElo "1779"]
[BlackRD "47"]
[GameID "319409"]

1. e4 c6 2. d4 d5 3. Nc3 dxe4 4. Nxe4 Bf5 5. Ng3 Bg6 6. Nf3 Nf6 7. Nh4 e6 8. Nxg6 hxg6 9. Bg5 Be7 10. Bc4 Nbd7
11. h3 Qc7 12. Qf3 O-O-O 13. O-O-O Nb6 14. Bb3 Nbd5 15. Rhe1 Nh5 16. Bxe7 Qxe7 17. Ne4 f5 18. Nc5 Rd6 19. Nd3 Ndf4 20. Nxf4
1-0

[Event "There often isn't just one right move "]
[Site "SchemingMind.com"]
[Date "2012.10.22"]
[Round "-"]
[White "aelawton"]
[Black "kubinet"]
[Result "0-1"]
[WhiteCountry "GBR"]
[BlackCountry "GER"]
[WhiteElo "1771"]
[WhiteRD "104"]
[BlackElo "1305"]
[BlackRD "57"]
[GameID "319669"]

1. d4 Nf6 2. c4 e6 3. Nc3 Bb4 4. Bd2 O-O 5. e3 b6 6. Qf3 c6 7. a3 Be7 8. Qg3 d5 9. Qf3 Bb7 10. Bd3 dxc4
11. Bxc4 Qd7 12. Nge2 c5 13. Qh3 Nc6 14. dxc5 Bxc5 15. Rd1 Qe7 16. Bd3 h6 17. Rg1 Rad8 18. Bc2 Ne5 19. b4 Bd6 20. f4 Nc4
21. Bc1 Bc7 22. Nd4 Nd5 23. Nxd5 Bxd5 24. g4 f6 25. Ke2 Nd6 26. g5 fxg5 27. fxg5 Bc4+ 28. Ke1 Qf7 29. Qg2 hxg5 30. Bd3 Bxd3
31. Rxd3 Nf5 32. Rf1 Qg6 33. Ke2 Qh5+ 34. Kd2 Nxd4 35. Rxf8+ Kxf8 36. exd4 Qxh2 37. Qxh2 Bxh2 38. Ke2 Bf4 39. Bb2 Kf7 40. Kf3 g6
41. Rd1 Rd5 42. Rh1 a5 43. Rh7+ Kg8 44. Re7 Rd6 45. bxa5 bxa5 46. Rb7 Rd5 47. a4= Rf5 48. Kg2 Bd2
0-1

[Event "There often isn't just one right move "]
[Site "SchemingMind.com"]
[Date "2012.10.23"]
[Round "-"]
[White "kubinet"]
[Black "aelawton"]
[Result "0-1"]
[WhiteCountry "GER"]
[BlackCountry "GBR"]
[WhiteElo "1449"]
[WhiteRD "57"]
[BlackElo "1853"]
[BlackRD "90"]
[GameID "319672"]

1. e4 c5 2. Nf3 Nc6 3. d4 cxd4 4. Nxd4 e6 5. Nc3 Be7 6. Be2 Bf6 7. Be3 Qa5 8. O-O Qb4 9. Ndb5 Be5 10. Rb1 a6
11. a3 Qe7 12. Nd4 Nf6 13. f3 Qc5 14. Na4 Qa7 15. Nf5 exf5 16. exf5 Qxe3+ 17. Kh1 h5 18. Bd3 h4 19. Qc1 Qxc1 20. Rfxc1 Bd4
21. Re1+ Kf8 22. c3 Ba7
0-1

[Event "There often isn't just one right move "]
[Site "SchemingMind.com"]
[Date "2012.11.12"]
[Round "-"]
[White "cnile"]
[Black "iwegiel"]
[Result "0-1"]
[WhiteCountry "SCO"]
[BlackCountry "POL"]
[WhiteElo "1483"]
[WhiteRD "65"]
[BlackElo "2091"]
[BlackRD "114"]
[GameID "320865"]

1. c4 e5 2. Nc3 Nf6 3. g3 d5 4. cxd5 Nxd5 5. Bg2 Nb6 6. Nf3 Nc6 7. O-O Be7 8. d3 O-O 9. a3 Be6 10. Qc2 Nd4
11. Nxd4 exd4 12. Ne4 Bd5 13. Bf4 Rc8 14. Rac1 f5 15. Nd2 Bxg2 16. Kxg2 Qd5+ 17. Kg1 g5 18. Bxc7 Bd6 19. Nf3 Rxc7 20. Qd2 Rg7
21. Nxg5 f4 22. gxf4 Bxf4 23. Qxf4 Rxf4
0-1

[Event "There often isn't just one right move "]
[Site "SchemingMind.com"]
[Date "2012.11.12"]
[Round "-"]
[White "iwegiel"]
[Black "cnile"]
[Result "1-0"]
[WhiteCountry "POL"]
[BlackCountry "SCO"]
[WhiteElo "2088"]
[WhiteRD "114"]
[BlackElo "1516"]
[BlackRD "66"]
[GameID "320867"]

1. d4 Nf6 2. Nf3 d5 3. e3 c5 4. c4 cxd4 5. exd4 Bg4 6. Qb3 dxc4 7. Bxc4 e6 8. Qxb7 Nbd7 9. Bf4 Be7 10. Bc7 Qc8
11. Ba6 Nb6 12. Qxc8+ Nxc8 13. Bb7 Nb6 14. Bxa8 O-O 15. Bb7 Nbd5 16. Bg3 Nb4 17. Kd2 Bf5 18. Nc3 Ne4+ 19. Bxe4 Bg4 20. a3
1-0

[Event "There often isn't just one right move "]
[Site "SchemingMind.com"]
[Date "2012.12.02"]
[Round "-"]
[White "John Galvin"]
[Black "Louis Lima"]
[Result "1-0"]
[WhiteCountry "USA"]
[BlackCountry "ESP"]
[WhiteElo "2342"]
[WhiteRD "72"]
[BlackElo "2004"]
[BlackRD "90"]
[GameID "322079"]

1. c4 Nf6 2. Nc3 g6 3. d4 c5 4. d5 e5 5. e4 d6 6. Nf3 Nbd7 7. Be2 Bg7 8. O-O a6 9. Bg5 h6 10. Bd2 O-O
11. Ne1 Nh7 12. Qc1 h5 13. b3 Qe8 14. Nf3 f5 15. exf5 gxf5 16. Nh4 Ndf6 17. f3 f4 18. Qc2
1-0

[Event "There often isn't just one right move "]
[Site "SchemingMind.com"]
[Date "2012.12.02"]
[Round "-"]
[White "Louis Lima"]
[Black "John Galvin"]
[Result "0-1"]
[WhiteCountry "ESP"]
[BlackCountry "USA"]
[WhiteElo "1958"]
[WhiteRD "88"]
[BlackElo "2347"]
[BlackRD "71"]
[GameID "322082"]

1. e4 e5 2. Nf3 Nc6 3. Bb5 a6 4. Ba4 Nf6 5. d3 Bc5 6. O-O d6 7. c3 b5 8. Bc2 O-O 9. h3 Bb6 10. Nbd2 Bd7
11. Re1 Rb8 12. Nf1 b4 13. Ng3 Re8 14. d4 bxc3 15. bxc3 Ba5 16. Bd2 Bb6 17. Be3 Ba5 18. Qd3 exd4
0-1

[Event "There often isn't just one right move "]
[Site "SchemingMind.com"]
[Date "2012.12.04"]
[Round "-"]
[White "Adrian Grajczak"]
[Black "kenneth m day"]
[Result "1-0"]
[WhiteCountry "POL"]
[BlackCountry "USA"]
[WhiteElo "2191"]
[WhiteRD "70"]
[BlackElo "1768"]
[BlackRD "51"]
[GameID "322326"]

1. Nf3 d5 2. c4 d4 3. b4 f6 4. Bb2 e5 5. a3 Nc6 6. d3 Bd7 7. g3 Nge7 8. Bg2 Nf5 9. O-O Be7 10. Nbd2 O-O
11. Qc2 a6 12. Ne4 b6 13. c5 Rb8 14. cxb6 cxb6 15. Qb3+ Kh8 16. Rac1 Rc8 17. Rc2 Be8 18. Rfc1 b5 19. Qe6 Bd7 20. Qd5 Be8
21. Qxd8 Bxd8 22. Bh3 g6 23. Bxf5 gxf5 24. Nd6 Rc7 25. Nxe8 Rxe8 26. Rxc6 Rxc6 27. Rxc6 a5 28. Rc8 axb4 29. axb4 Rf8 30. Nh4 Be7
31. Rxf8+ Bxf8 32. Ba3 f4 33. gxf4 Kg7 34. Kg2 Kf7 35. fxe5 fxe5 36. Kf3 Ke6 37. Ke4 Be7 38. Nf3 Bf6 39. Bc1 Be7 40. Bd2 Kd6
41. Nxe5 Bf6 42. Nf3 Ke6 43. Nxd4+
1-0

[Event "There often isn't just one right move "]
[Site "SchemingMind.com"]
[Date "2012.12.01"]
[Round "-"]
[White "kenneth m day"]
[Black "Adrian Grajczak"]
[Result "0-1"]
[WhiteCountry "USA"]
[BlackCountry "POL"]
[WhiteElo "1791"]
[WhiteRD "48"]
[BlackElo "2173"]
[BlackRD "67"]
[GameID "322329"]

1. e4 c5 2. Nf3 d6 3. d4 cxd4 4. Nxd4 Nf6 5. Nc3 a6 6. f3 e5 7. Nb3 Be6 8. Be3 Be7 9. Qd2 h5 10. O-O-O Nbd7
11. Kb1 b5 12. Nd5 Bxd5 13. exd5 Nb6 14. Bxb6 Qxb6 15. Na5 O-O 16. Nc6 Rfe8 17. Be2 Rac8 18. Bd3 Nxd5 19. Nxe7+ Nxe7 20. Qg5 g6
21. g4 hxg4 22. fxg4 Rc5 23. h4 e4 24. Qf6 exd3 25. Rxd3 Nd5 26. Qf3 Nb4 27. Rd2 Qc6 28. Qxc6 Nxc6 29. Rxd6 Re2 30. c3 Ne5
31. g5 a5 32. Ra6 Nc4 33. b3 Na3+ 34. Ka1 Rxc3 35. Rxa5 b4 36. Ra4 Rcc2
0-1

[Event "There often isn't just one right move "]
[Site "SchemingMind.com"]
[Date "2013.01.18"]
[Round "-"]
[White "miriskra"]
[Black "capablanca"]
[Result "1-0"]
[WhiteCountry "WLS"]
[BlackCountry "GER"]
[WhiteElo "1797"]
[WhiteRD "66"]
[BlackElo "1638"]
[BlackRD "55"]
[GameID "325395"]

1. d4 d5 2. Nf3 Nf6 3. c4 e6 4. Nc3 c5 5. e3 cxd4 6. exd4 dxc4 7. Bxc4 Nc6 8. O-O Be7 9. Re1 O-O 10. Bg5 Nd5
11. Bc1 Nb6 12. Bb3 Na5 13. Bc2 Nac4 14. a4 Nd5 15. Qd3
1-0

[Event "There often isn't just one right move "]
[Site "SchemingMind.com"]
[Date "2013.01.18"]
[Round "-"]
[White "capablanca"]
[Black "miriskra"]
[Result "1/2-1/2"]
[WhiteCountry "GER"]
[BlackCountry "WLS"]
[WhiteElo "1625"]
[WhiteRD "58"]
[BlackElo "1853"]
[BlackRD "61"]
[GameID "325397"]

1. e4 c6 2. d4 d5 3. Nc3 dxe4 4. Nxe4 Nf6 5. Nxf6+ exf6 6. Nf3 Bg4 7. Be2 Bd6 8. h3 Bh5 9. Be3 O-O 10. O-O Nd7
11. Nh4 Bxe2 12. Qxe2 Re8 13. Qd3 g6 14. Bh6 Bf8 15. Bxf8 Kxf8 16. Nf3 Qb6 17. Qc3 c5 18. dxc5 Nxc5 19. Rae1 Ne4 20. Qa3+ Kg7
21. Re3 f5 22. Rb3 Qc7 23. Qb4 Re7 24. Qd4+ Kg8 25. Nd2 Qxc2 26. Nxe4 Rxe4 27. Qd7 b6 28. Qb7 Qc8 29. Qd5 Qe8 30. Rd3=
1/2-1/2

[Event "There often isn't just one right move "]
[Site "SchemingMind.com"]
[Date "2013.02.24"]
[Round "-"]
[White "Olli Ylönen"]
[Black "Lastcafe"]
[Result "0-1"]
[WhiteCountry "FIN"]
[BlackCountry "THA"]
[WhiteElo "1832"]
[WhiteRD "57"]
[BlackElo "2221"]
[BlackRD "102"]
[GameID "327438"]

1. d4 Nf6 2. c4 e6 3. Nc3 h6 4. e4 Bb4 5. Bd3 c5 6. Be3 cxd4 7. Bxd4 Nc6 8. Ne2 Nxd4 9. Nxd4 Bxc3+ 10. bxc3 d6
11. O-O O-O 12. Bc2 Qa5 13. Qf3 e5 14. Nf5 Bxf5 15. exf5 Rac8 16. Qd3 Qa6 17. Bb3 d5 18. Qg3 dxc4 19. Qxe5 cxb3 20. axb3 Qb6
0-1

[Event "There often isn't just one right move "]
[Site "SchemingMind.com"]
[Date "2013.07.12"]
[Round "-"]
[White "John Galvin"]
[Black "Adrian Grajczak"]
[Result "1-0"]
[WhiteCountry "USA"]
[BlackCountry "POL"]
[WhiteElo "2360"]
[WhiteRD "73"]
[BlackElo "2150"]
[BlackRD "72"]
[GameID "334394"]

1. e4 c5 2. Nf3 d6 3. d4 cxd4 4. Nxd4 Nf6 5. Nc3 a6 6. f3 e5 7. Nb3 Be6 8. Bd3 Be7 9. Qd2 O-O 10. O-O Nc6
11. Qf2 Nb4 12. Rd1 Qc7 13. Be3 d5 14. Bb6 Qc6 15. Bc5 Bxc5 16. Qxc5 Qxc5+ 17. Nxc5 d4 18. Nxe6 fxe6 19. Ne2 Nc6 20. c3 Kf7
21. cxd4 exd4 22. f4 Ke7 23. e5 Nd5 24. g3 Ne3 25. Re1 g5 26. fxg5 Ng4 27. Bxh7 Ngxe5 28. Be4 Rg8 29. h4 d3 30. Nf4 d2
31. Re2 Nd4 32. Rf2
1-0

[Event "There often isn't just one right move "]
[Site "SchemingMind.com"]
[Date "2013.07.11"]
[Round "-"]
[White "Adrian Grajczak"]
[Black "John Galvin"]
[Result "1/2-1/2"]
[WhiteCountry "POL"]
[BlackCountry "USA"]
[WhiteElo "2111"]
[WhiteRD "73"]
[BlackElo "2365"]
[BlackRD "77"]
[GameID "334399"]

1. e4 c5 2. Nf3 e6 3. d4 cxd4 4. Nxd4 a6 5. Bd3 Bc5 6. Nb3 Be7 7. O-O Nc6 8. Be3 d5 9. exd5 exd5 10. Re1 Nf6
11. h3 O-O 12. Nc3 Re8 13. Nd4 Bd6 14. Qd2 Be6 15. a3 Qc7 16. Nf3 Rac8 17. Na4 Ne5 18. Nxe5 Bxe5 19. Qb4 Ne4 20. Bb6 Qc6
21. c4 Bc7 22. cxd5 Bxd5 23. Rac1 Bxb6 24. Rxc6 Bxf2+ 25. Kf1 Bxc6 26. Rxe4 Bxe4 27. Bxe4 Bg3 28. Nc3 b5 29. Qd4 h5 30. Qd3 h4
31. Ne2 Rcd8 32. Bd5 Be5 33. b4 Rd6 34. Qb3 Re7 35. Kf2 g6 36. Ke1 Bf6 37. Bf3 Bg5 38. Qc2 Re8 39. Bg4=
1/2-1/2

[Event "There often isn't just one right move "]
[Site "SchemingMind.com"]
[Date "2013.07.31"]
[Round "-"]
[White "kubinet"]
[Black "iwegiel"]
[Result "0-1"]
[WhiteCountry "GER"]
[BlackCountry "POL"]
[WhiteElo "1642"]
[WhiteRD "58"]
[BlackElo "1945"]
[BlackRD "86"]
[GameID "335459"]

1. e4 d6 2. d4 Nf6 3. Nc3 c6 4. Nf3 Bg4 5. Be2 e6 6. O-O Be7 7. h3 Bxf3 8. Bxf3 d5 9. Bg5 O-O 10. e5 Nfd7
11. Bxe7 Qxe7 12. Ne2 c5 13. c3 Nc6 14. Qd2 b5 15. b3 c4 16. b4 Nb6 17. Ng3 a5 18. a3 Ra6 19. Bg4 Rfa8 20. Qb2 axb4
21. axb4 Qa7 22. Rxa6 Qxa6 23. Rb1 Qa2 24. Ne2 Qxb2 25. Rxb2 Ra1+ 26. Kh2 Na4 27. Rc2 g6 28. h4 Na7 29. h5 Nc8 30. hxg6 hxg6
31. Bh3 Ncb6 32. Bg4 Rb1 33. Kg3 Rb2 34. Rxb2 Nxb2 35. Kf3 N6a4 36. g3 Nd1 37. Kg2 Ndxc3 38. f4 Na2
0-1

[Event "There often isn't just one right move "]
[Site "SchemingMind.com"]
[Date "2013.07.31"]
[Round "-"]
[White "iwegiel"]
[Black "kubinet"]
[Result "1-0"]
[WhiteCountry "POL"]
[BlackCountry "GER"]
[WhiteElo "1960"]
[WhiteRD "98"]
[BlackElo "1579"]
[BlackRD "59"]
[GameID "335464"]

1. d4 Nf6 2. Nf3 d5 3. e3 e6 4. Bd3 Be7 5. Nbd2 O-O 6. b3 c5 7. O-O b6 8. Bb2 Nc6 9. Ne5 Bb7 10. f4 Rc8
11. Ndf3 Nb4 12. Be2 cxd4 13. Nxd4 Ne4 14. a3 Nc6 15. Ndxc6 Bxc6 16. Nxc6 Rxc6 17. c4 Rd6 18. Be5 Rd7 19. Qc2 dxc4 20. Qxe4 cxb3
21. Bc4 Bc5 22. f5 exf5 23. Qxf5 Bxe3+ 24. Kh1 Bd4 25. Bxd4 Rxd4 26. Bxb3 Rd7 27. Rf3 Qc7 28. Raf1 Kh8 29. Bxf7 h6 30. Qe4 Rdxf7
31. Rxf7 Rxf7 32. Qe8+ Kh7 33. Qxf7
1-0

[Event "There often isn't just one right move "]
[Site "SchemingMind.com"]
[Date "2014.01.18"]
[Round "-"]
[White "John Galvin"]
[Black "miriskra"]
[Result "1-0"]
[WhiteCountry "USA"]
[BlackCountry "WLS"]
[WhiteElo "2322"]
[WhiteRD "83"]
[BlackElo "1887"]
[BlackRD "89"]
[GameID "345744"]

1. e4 e6 2. d4 d5 3. Nd2 dxe4 4. Nxe4 Nd7 5. Nf3 Ngf6 6. Bd3 Nxe4 7. Bxe4 Nf6 8. Bd3 c5 9. Be3 Qc7 10. Qe2 Nd5
11. O-O Be7 12. Bb5+ Bd7 13. Bxd7+ Qxd7 14. Ne5 Qc7 15. Qb5+ Kf8 16. Nd7+ Kg8 17. Nxc5 b6 18. Nd3 Qxc2 19. Rac1 a6 20. Qxd5
1-0

[Event "There often isn't just one right move "]
[Site "SchemingMind.com"]
[Date "2014.01.18"]
[Round "-"]
[White "miriskra"]
[Black "John Galvin"]
[Result "0-1"]
[WhiteCountry "WLS"]
[BlackCountry "USA"]
[WhiteElo "1908"]
[WhiteRD "91"]
[BlackElo "2329"]
[BlackRD "83"]
[GameID "345748"]

1. d4 Nf6 2. c4 g6 3. g3 c5 4. d5 Bg7 5. Bg2 O-O 6. Nc3 e6 7. Nf3 exd5 8. cxd5 d6 9. O-O Nbd7 10. Bf4 Qe7
11. Re1 a6 12. a4 Rb8 13. Qd3 Ng4 14. Bg5 f6 15. Bf4 Nde5 16. Qc2 b5 17. h3 Nxf3+ 18. exf3 Ne5 19. Bxe5 fxe5 20. f4 Bf5
21. Qd2 b4 22. Ne4 exf4 23. Nxc5 Qf6 24. Nxa6 Qxb2 25. Qxb2 Bxb2 26. Nxb8 Bxa1 27. Rxa1 Rxb8 28. Ra2 b3 29. Rb2 Rb4 30. Bf1 f3
31. Kh2 Kf7 32. Bb5 Kf6 33. Bc6 Ke5 34. a5 Bd3
0-1

[Event "There often isn't just one right move "]
[Site "SchemingMind.com"]
[Date "2014.02.23"]
[Round "-"]
[White "Lastcafe"]
[Black "iwegiel"]
[Result "0-1"]
[WhiteCountry "THA"]
[BlackCountry "POL"]
[WhiteElo "2175"]
[WhiteRD "150"]
[BlackElo "1903"]
[BlackRD "104"]
[GameID "348196"]

1. c4 e5 2. Nc3 Nf6 3. Nf3 Nc6 4. g3 d5 5. cxd5 Nxd5 6. Bg2 Nb6 7. O-O Be7 8. d3 O-O 9. Be3 Be6 10. a3 Nd5
11. Nxd5 Bxd5 12. Qa4 a6 13. Rac1 f6 14. Nh4 Bxg2 15. Kxg2 Qd5+ 16. Nf3 Bd6 17. Qc4 Ne7 18. Qxd5+ Nxd5 19. Bd2 c5 20. Rfd1 Rac8
21. Be1 b6 22. Nd2 b5 23. Nb3 Nb6 24. Na5 Rc7 25. f3 Nd5 26. Bf2 Rfc8 27. h4 Kf7 28. h5 Ke6 29. e4 Ne7 30. Be3 Nc6
31. Nxc6 Rxc6 32. Rc3 c4 33. Rdc1 Kd7 34. Rd1 Ke6 35. f4 exf4 36. gxf4 cxd3
0-1

[Event "There often isn't just one right move "]
[Site "SchemingMind.com"]
[Date "2014.02.23"]
[Round "-"]
[White "iwegiel"]
[Black "Lastcafe"]
[Result "0-1"]
[WhiteCountry "POL"]
[BlackCountry "THA"]
[WhiteElo "1864"]
[WhiteRD "97"]
[BlackElo "2283"]
[BlackRD "148"]
[GameID "348197"]

1. e4 e6 2. d4 d5 3. Nd2 c5 4. c3 cxd4 5. cxd4 Nc6 6. Ngf3 Qb6 7. Bd3 Nxd4 8. Nxd4 Qxd4 9. Bb5+ Bd7 10. Bxd7+ Kxd7
11. O-O Nf6 12. exd5 Nxd5 13. Qe2 Be7 14. Qb5+ Kc7 15. Nc4 Raf8 16. Ne3 Rd8 17. Rd1 Qb4 18. Nxd5+ Rxd5 19. Rxd5 Qe1+ 20. Qf1 Qxf1+
21. Kxf1 exd5 22. Be3 b6 23. Bd4 f6 24. Rc1+ Kd7 25. Ke2 Rc8 26. Rd1 Bd6 27. g3 Rc4 28. Rd2 Ke6 29. b3 Rc1 30. Kf3 h5
31. h3 g5 32. Re2+ Be5 33. Ke3 Rh1 34. f4 gxf4+
0-1

[Event "There often isn't just one right move "]
[Site "SchemingMind.com"]
[Date "2014.11.23"]
[Round "-"]
[White "iwegiel"]
[Black "John Galvin"]
[Result "0-1"]
[WhiteCountry "POL"]
[BlackCountry "USA"]
[WhiteElo "1920"]
[WhiteRD "110"]
[BlackElo "2339"]
[BlackRD "80"]
[GameID "369348"]

1. e4 c5 2. Nf3 Nc6 3. Bb5 e6 4. O-O Nge7 5. c3 a6 6. Ba4 b5 7. Bc2 Bb7 8. Re1 Rc8 9. a4 b4 10. d4 bxc3
11. d5 cxb2 12. Bxb2 Nb4 13. Na3 exd5 14. exd5 Bxd5 15. Bc3 Be6 16. Bb3 Nf5 17. a5 Be7 18. Nc4 O-O 19. Nb6 Rc6 20. Ba4 Rc7
21. Qe2 Bf6 22. Rac1 Bxc3 23. Rxc3 d5 24. Qd2 d4 25. Rcc1 d3 26. Ng5 Nd4 27. Nxe6 fxe6 28. Nd7 Rxd7 29. Bxd7 Qxd7
0-1

[Event "There often isn't just one right move "]
[Site "SchemingMind.com"]
[Date "2014.11.22"]
[Round "-"]
[White "John Galvin"]
[Black "iwegiel"]
[Result "0-1"]
[WhiteCountry "USA"]
[BlackCountry "POL"]
[WhiteElo "2395"]
[WhiteRD "91"]
[BlackElo "1936"]
[BlackRD "106"]
[GameID "369349"]

1. e4 e6 2. d4 d5 3. Nd2 c5 4. Ngf3 cxd4 5. exd5 Qxd5 6. Bc4 Qd6 7. O-O Nf6 8. Nb3 Nc6 9. Nbxd4 Nxd4 10. Nxd4 a6
11. Re1 Qc7 12. Be3 Qxc4
0-1